| 000 | 00553nam a22002177a 4500 | ||
|---|---|---|---|
| 003 | OSt | ||
| 005 | 20140310181708.0 | ||
| 008 | 121205t xxu||||| |||| 00| 0 eng d | ||
| 020 | _a9711901307 | ||
| 050 |
_aPL 1615 _b.B352 2005 |
||
| 082 |
_aFIL 899.2113 _b B32 1991 |
||
| 100 | _aBautista, Lualhati | ||
| 245 |
_aDekada '70 / _cLualhati Bautista. |
||
| 260 |
_aMandaluyong, Philippines: _bCarmelo and Bauermann, _c2005. |
||
| 300 | 0 |
_a228 p. : _c17 cm. |
|
| 562 | _e3 | ||
| 942 |
_2lcc _cBK |
||
| 999 |
_c1451 _d1451 |
||